Our environment / (Record no. 95947)

MARC details
000 -LEADER
fixed length control field 00566nam a22001937a 4500
005 - DATE AND TIME OF LATEST TRANSACTION
control field 20151016110135.0
010 ## - LCCN (DPL NO)
LC control number ENG-113860
020 ## - INTERNATIONAL STANDARD BOOK NUMBER
International Standard Book Number 8123700369
Terms of availability 95.00
020 ## - INTERNATIONAL STANDARD BOOK NUMBER
International Standard Book Number 9788123700366
Terms of availability 95.00
035 ## - SYSTEM CONTROL NUMBER
System control number EN-97392
037 ## - SOURCE OF ACQUISITION
Source of stock number/acquisition DBAD/PUB
082 ## - DEWEY DECIMAL CLASSIFICATION NUMBER
Classification number 333.7
100 ## - MAIN ENTRY--PERSONAL NAME
Personal name Futehally, Laeeq
245 ## - TITLE STATEMENT
Title Our environment /
Statement of responsibility, etc by Laeeq Futehally
260 ## - PUBLICATION, DISTRIBUTION, ETC. (IMPRINT)
Place of publication, distribution, etc New Delhi
Name of publisher, distributor, etc National Book Trust
Date of publication, distribution, etc 2015
270 ## - ADDRESS
Address Nehru Bhawan, 5 Institutional Area, Phase -II,
City New Delhi
Postal code 110070
300 ## - PHYSICAL DESCRIPTION
Extent 137p.
Dimensions 22cm(pbk)
942 ## - ADDED ENTRY ELEMENTS (KOHA)
Source of classification or shelving scheme Dewey Decimal Classification
Item type English Books
Call number suffix FUT
Classification part 333.7
Holdings
Withdrawn status Lost status Not for loan Collection code Home library Current library Date acquired Source of acquisition Cost, normal purchase price Full call number Barcode Copy number Cost, replacement price Koha item type
    Not For Loan Non-fiction D.B.Act.Division D.B.Act.Division 13/08/2015 DBAD/PUB 95.00 333.7 FUT EN-97392 1 95.00 English Books

© Delhi Public Library
Hit Counter
free hit counter